| 000 | 01949ncm0a2200385 4500 | ||
|---|---|---|---|
| 001 | RU\NLR\ONIZ\211260 | ||
| 005 | 20250624195413.0 | ||
| 013 | _a979-0-706375-06-9 | ||
| 021 |
_aRU _b11-442н _911-38н |
||
| 035 | _aRU\NLR\ONIZ\Таня\5000001641\20150414105411 | ||
| 035 | _a(NLR Aleph) 010890853 | ||
| 071 | 2 | 0 | _a1524 |
| 090 |
_a10552528 _c10552528 |
||
| 100 | _a20150414d2011 |||y0rusy50 ca | ||
| 101 | 0 | _arus | |
| 102 | _aRU | ||
| 125 | _azx | ||
| 145 | 0 | _ac | |
| 200 | 1 |
_aМечты и звуки _bНоты _eвок. циклы для тенора (меццо-сопрано) и баритона в сопровожд. фп. _fМ. Рачевский |
|
| 210 |
_aМосква _cФаина _d2011 |
||
| 215 |
_a80 с. _cил. _d29 см |
||
| 313 | _aСистематизация документа проведена по изданию - Методика классифицирования музыкальных произведений (нотных изданий) по таблицам Библиотечно-библиографических классификаций : метод. рекомендации / Гос. б-ка СССР им. В.И. Ленина.- М., 1977. Индексу ББК методических рекомендаций присваивается код ББК для научных библиотек - LBC/SL | ||
| 686 |
_aЩ943.1-42-043.2(2Р)я44 _vLBC/SL _2rubbk |
||
| 686 |
_aЩ943.2-42-043.2(2Р)я44 _vLBC/SL _2rubbk |
||
| 700 | 1 |
_9z01790 _aРачевский _bМ. Д. _f1953- _gМихаил Давидович _4230 |
|
| 790 | 1 |
_9z01700 _aRachevskij _bM. D. _f1953- _gMihail Davidovich _4230 |
|
| 801 | 0 |
_aRU _bNLR _c20150414 _gPSBO |
|
| 801 | 1 |
_aRU _bNLR _c20150414 _2rusmarc |
|
| 801 | 2 |
_aRU _bNLR _c20190630 |
|
| 852 |
_aNLR _bМ _jК-3/27294 _pМОЭ 2011-38н/442н _t1 |
||
| 852 |
_aNLR _bМ _jК-3/27294а _pМОЭ 2011-38н/442на _t2 |
||
| 942 | _cSCORE | ||
| 980 | _aNB | ||
| 980 | _aONIZ | ||